000
00330nam a2200145Ia 4500
008
230718s9999 xx 000 0 und d
041
_a
Eng.
082
_a
910
_b
ROG-O
100
_a
Roger, Pearce
245
0
_a
once a Happy valley
260
_a
Pakistan
_b
oxford curately
_c
1948
300
_a
519
650
_a
Law
999
_c
26049
_d
26049